[Event "Titled Tuesday intern op 11th Mar Early"]
[Site "Chess.com INT"]
[Date "2025.03.11"]
[Round "9"]
[White "Safarullakhan, Safin"]
[Black "Sanchez Enriquez, Oscar Gerardo"]
[Result "1-0"]
[WhiteElo "2076"]
[BlackElo "2324"]
[PlyCount "83"]
[EventDate "2025.03.11"]
[EventType "swiss (blitz)"]
[EventRounds "11"]
[EventCountry "USA"]
[SourceTitle "CB12_2025"]
[SourceDate "2025.03.19"]
[SourceVersion "1"]
[SourceVersionDate "2025.03.19"]
[SourceQuality "1"]

1. e4 d6 2. d4 Nf6 3. Nc3 g6 4. f4 Bg7 5. Nf3 0-0 6. Be2 c5 7. 0-0 cxd4 8. Nxd4 Nc6 9. Be3 Qb6 10. Qd3 Qxb2 11. Nxc6 bxc6 12. Rab1 Qa3 13. Nd5 Qxd3 14. Nxe7+ Kh8 15. cxd3 Bd7 16. e5 dxe5 17. fxe5 Nd5 18. Nxd5 cxd5 19. Bc5 Rfc8 20. Rxf7 Be6 21. Rxa7 Rxa7 22. Bxa7 Bxe5 23. d4 Bd6 24. Rb6 Rd8 25. Rc6 Bf5 26. Bb6 Rd7 27. a4 Bf4 28. a5 Be3+ 29. Kf1 Rf7 30. Ke1 Re7 31. a6 Bd7 32. Rc7 Bf4 33. a7 Bxc7 34. a8Q+ Re8 35. Qxd5 Bg4 36. Bxc7 Rxe2+ 37. Kf1 Kg7 38. Be5+ Kh6 39. h3 Bh5 40. g4 Rc2 41. Bf4+ g5 42. Qxg5# 1-0

[Event "Titled Tuesday intern op 11th Mar Late"]
[Site "Chess.com INT"]
[Date "2025.03.11"]
[Round "3"]
[White "Sanchez Enriquez, Oscar Gerardo"]
[Black "Ashraf, Artin"]
[Result "0-1"]
[WhiteElo "2324"]
[BlackElo "2407"]
[PlyCount "80"]
[EventDate "2025.03.11"]
[EventType "swiss (blitz)"]
[EventRounds "11"]
[EventCountry "USA"]
[SourceTitle "CB12_2025"]
[SourceDate "2025.03.19"]
[SourceVersion "1"]
[SourceVersionDate "2025.03.19"]
[SourceQuality "1"]

1. e4 e6 2. d4 d5 3. Nc3 Nf6 4. Bg5 h6 5. Bxf6 Qxf6 6. a3 Qd8 7. Nf3 Be7 8. Bd3 0-0 9. 0-0 c6 10. Re1 b6 11. Ne5 Bb7 12. Qh5 Nd7 13. Nxd7 Qxd7 14. Rad1 Rad8 15. Re3 Bg5 16. Rg3 g6 17. Qe2 c5 18. Bb5 Qc7 19. exd5 exd5 20. Qg4 c4 21. h4 Bc8 22. Qf3 Bxh4 23. Nxd5 Rxd5 24. Qxd5 Bxg3 25. fxg3 Qxg3 26. Bxc4 Be6 27. Qb5 Qe3+ 28. Kh1 Bf5 29. Bb3 Be4 30. Qf1 Kg7 31. Kh2 f5 32. d5 g5 33. d6 g4 34. Qe1 Qg5 35. Qc3+ Kh7 36. Qe5 g3+ 37. Kg1 Qe3+ 38. Kf1 Bxg2+ 39. Kxg2 Qf2+ 40. Kh3 Qh2# 0-1

[Event "Titled Tuesday intern op 11th Mar Early"]
[Site "Chess.com INT"]
[Date "2025.03.11"]
[Round "5"]
[White "Sanchez Enriquez, Oscar Gerardo"]
[Black "Neustroev, Victor"]
[Result "1-0"]
[WhiteElo "2324"]
[BlackElo "2283"]
[PlyCount "55"]
[EventDate "2025.03.11"]
[EventType "swiss (blitz)"]
[EventRounds "11"]
[EventCountry "USA"]
[SourceTitle "CB12_2025"]
[SourceDate "2025.03.19"]
[SourceVersion "1"]
[SourceVersionDate "2025.03.19"]
[SourceQuality "1"]

1. e4 c5 2. Nf3 e6 3. d4 cxd4 4. Nxd4 a6 5. Nc3 Qc7 6. Bd3 Nf6 7. 0-0 d6 8. Kh1 Nbd7 9. f4 Be7 10. Qf3 Nc5 11. a4 0-0 12. Be3 Bd7 13. Qg3 Nxd3 14. cxd3 Rfc8 15. f5 e5 16. Nde2 Bc6 17. Rac1 Qd8 18. Rfd1 b5 19. axb5 axb5 20. d4 exd4 21. Bxd4 b4 22. e5 bxc3 23. exf6 Bxf6 24. bxc3 Be4 25. Qf4 d5 26. Ng3 h6 27. Nh5 Bg5 28. Qg4 1-0

[Event "Titled Tuesday intern op 25th Feb Early"]
[Site "Chess.com INT"]
[Date "2025.02.25"]
[Round "6"]
[White "Gharibyan, Mamikon"]
[Black "Sanchez Enriquez, Oscar Gerardo"]
[Result "0-1"]
[WhiteElo "2473"]
[BlackElo "2324"]
[PlyCount "72"]
[EventDate "2025.02.25"]
[EventType "swiss (blitz)"]
[EventRounds "11"]
[EventCountry "USA"]
[SourceTitle "CB10_2025"]
[SourceDate "2025.03.05"]
[SourceVersion "1"]
[SourceVersionDate "2025.03.05"]
[SourceQuality "1"]

1. d4 d6 2. e4 Nf6 3. Nc3 g6 4. Bg5 c6 5. e5 dxe5 6. dxe5 Nd5 7. Nxd5 cxd5 8. Nf3 Nc6 9. h3 Bg7 10. Bf4 0-0 11. Bd3 Nb4 12. 0-0 Nxd3 13. cxd3 d4 14. Qa4 Bf5 15. Rfd1 Qd5 16. Qxd4 Rfd8 17. Qxd5 Rxd5 18. d4 Rad8 19. Rac1 Be4 20. Be3 Bxf3 21. gxf3 Bxe5 22. Rd3 Bxd4 23. Rc7 Bxe3 24. Rxe3 e6 25. Rxb7 Ra5 26. a3 Rd2 27. f4 a6 28. b4 Rf5 29. Re4 Ra2 30. Kg2 Rxa3 31. Ra7 Ra4 32. Rd4 Kg7 33. h4 a5 34. Rd8 Rxb4 35. Raa8 Rbxf4 36. Rd2 Rxh4 0-1

[Event "Titled Tuesday intern op 25th Feb Early"]
[Site "Chess.com INT"]
[Date "2025.02.25"]
[Round "8"]
[White "Sanchez Enriquez, Oscar Gerardo"]
[Black "Fier, Alexandr"]
[Result "0-1"]
[WhiteElo "2324"]
[BlackElo "2547"]
[PlyCount "76"]
[EventDate "2025.02.25"]
[EventType "swiss (blitz)"]
[EventRounds "11"]
[EventCountry "USA"]
[SourceTitle "CB10_2025"]
[SourceDate "2025.03.05"]
[SourceVersion "1"]
[SourceVersionDate "2025.03.05"]
[SourceQuality "1"]

1. e4 Nf6 2. e5 Nd5 3. d4 d6 4. Nf3 g6 5. Bc4 Nb6 6. Bb3 Bg7 7. 0-0 0-0 8. h3 Nc6 9. Qe2 Na5 10. Nc3 Nxb3 11. axb3 a5 12. Re1 Bd7 13. Bg5 f6 14. Bh4 Bc6 15. Rad1 Bxf3 16. Qxf3 fxe5 17. Qxb7 exd4 18. Bxe7 Qc8 19. Qxc8 Rfxc8 20. Nb5 d3 21. c3 a4 22. b4 Nc4 23. Rxd3 Nxb2 24. Rd2 Nc4 25. Ra2 Rab8 26. Nd4 Bxd4 27. cxd4 a3 28. Rb1 Re8 29. Bg5 Rb5 30. h4 Reb8 31. Rc1 Rxb4 32. Kh2 d5 33. Bf4 R8b7 34. Rc3 Rb2 35. Raxa3 Nxa3 36. Rxa3 Rxf2 37. Ra8+ Kf7 38. Rc8 Rxf4 0-1

[Event "Titled Tuesday intern op 25th Feb Early"]
[Site "Chess.com INT"]
[Date "2025.02.25"]
[Round "3"]
[White "Sanchez Enriquez, Oscar Gerardo"]
[Black "Herrera, Juan Sebastian"]
[Result "1-0"]
[WhiteElo "2324"]
[BlackElo "2230"]
[PlyCount "71"]
[EventDate "2025.02.25"]
[EventType "swiss (blitz)"]
[EventRounds "11"]
[EventCountry "USA"]
[SourceTitle "CB10_2025"]
[SourceDate "2025.03.05"]
[SourceVersion "1"]
[SourceVersionDate "2025.03.05"]
[SourceQuality "1"]

1. d4 Nf6 2. Bg5 e6 3. e4 h6 4. Bxf6 Qxf6 5. e5 Qd8 6. Qg4 d6 7. Nf3 c5 8. dxc5 dxe5 9. b4 Nc6 10. Bb5 Qf6 11. c3 a5 12. 0-0 axb4 13. Qe4 Bd7 14. cxb4 Be7 15. Nbd2 0-0 16. a3 Rfd8 17. Rfe1 Nd4 18. Bxd7 Rxd7 19. Nxe5 Rd5 20. Ndc4 Nb3 21. Ra2 Rad8 22. Nf3 Rd1 23. Rae2 Nd4 24. Nxd4 R8xd4 25. Qc2 Rxe1+ 26. Rxe1 Qf4 27. Ne3 Bf6 28. g3 Qf3 29. Qe2 Qc6 30. Ng4 Be7 31. Ne5 Qa4 32. Nxf7 Qxa3 33. Qxe6 Bf8 34. Nxh6+ Kh7 35. Nf5 Rd3 36. Qe4 1-0

[Event "Titled Tuesday intern op 04th Feb Late"]
[Site "Chess.com INT"]
[Date "2025.02.04"]
[Round "2"]
[White "Sanchez Enriquez, Oscar Gerardo"]
[Black "Playa, Marcelo"]
[Result "1-0"]
[WhiteElo "2324"]
[BlackElo "2376"]
[PlyCount "115"]
[EventDate "2025.02.04"]
[EventType "swiss (blitz)"]
[EventRounds "11"]
[EventCountry "USA"]
[SourceTitle "CB07_2025"]
[SourceDate "2025.02.12"]
[SourceVersion "1"]
[SourceVersionDate "2025.02.12"]
[SourceQuality "1"]

1. e4 e6 2. d4 d5 3. Nc3 Bb4 4. Nge2 dxe4 5. a3 Be7 6. Nxe4 Nf6 7. Qd3 Nbd7 8. Bf4 Nxe4 9. Qxe4 Nf6 10. Qd3 0-0 11. 0-0-0 b6 12. Qf3 Rb8 13. h4 Bb7 14. Qd3 Be4 15. Qd2 Nd5 16. f3 Nxf4 17. Qxf4 Bb7 18. Nc3 Bd6 19. Qe3 Qf6 20. Kb1 e5 21. d5 Qf4 22. Qe1 Rfd8 23. Bd3 c6 24. g3 Qf6 25. dxc6 Bxc6 26. Be4 Bc5 27. Qe2 Bd4 28. Nb5 Bxe4 29. Qxe4 a6 30. Na7 Rd6 31. c3 Bf2 32. g4 Rbd8 33. Kc2 Rxd1 34. Rxd1 Rxd1 35. Kxd1 h6 36. h5 Qd6+ 37. Ke2 Bh4 38. Nc6 Bg5 39. Nxe5 Qd2+ 40. Kf1 Qc1+ 41. Qe1 Qxb2 42. Nd3 Qxa3 43. Qe8+ Qf8 44. Qd7 Qd8 45. Qf5 Qe7 46. f4 Bh4 47. Ne5 Bf6 48. Qc8+ Kh7 49. Qf5+ Kg8 50. Qc8+ Kh7 51. Nf3 Qe3 52. Kg2 Qe2+ 53. Kg3 Qe3 54. Qf5+ Kg8 55. Qc8+ Kh7 56. Qxa6 Qxc3 57. Qe2 Qc4 58. Qxc4 1-0

[Event "Titled Tuesday intern op 07th Jan Early"]
[Site "Chess.com INT"]
[Date "2025.01.07"]
[Round "5"]
[White "Brancaleoni, Maurizio"]
[Black "Sanchez Enriquez, Oscar Gerardo"]
[Result "0-1"]
[WhiteElo "2180"]
[BlackElo "2324"]
[PlyCount "66"]
[EventDate "2025.01.07"]
[EventType "swiss (blitz)"]
[EventRounds "11"]
[EventCountry "USA"]
[SourceTitle "CB03_2025"]
[SourceDate "2025.01.15"]
[SourceVersion "1"]
[SourceVersionDate "2025.01.15"]
[SourceQuality "1"]

1. Nf3 Nf6 2. c4 g6 3. b3 Bg7 4. Bb2 0-0 5. g3 c5 6. Bg2 Nc6 7. 0-0 d5 8. cxd5 Qxd5 9. Nc3 Qh5 10. Rc1 Bh3 11. Na4 b6 12. Bxh3 Qxh3 13. Rc4 Rfd8 14. Rh4 Qf5 15. Qb1 Qxb1 16. Rxb1 Nd5 17. Bxg7 Kxg7 18. d3 Ncb4 19. Rb2 Rac8 20. Kf1 b5 21. Nxc5 Rxc5 22. Ne5 f6 23. Nf3 Rc1+ 24. Kg2 a5 25. a3 Nc2 26. Rxc2 Rxc2 27. Nd4 Rdc8 28. Nxc2 Rxc2 29. Rd4 Nc3 30. e3 Rb2 31. Rd7 Kf7 32. d4 Rxb3 33. d5 Ne4 0-1

[Event "Titled Tuesday intern op 07th Jan Early"]
[Site "Chess.com INT"]
[Date "2025.01.07"]
[Round "3"]
[White "Essing, Arnold"]
[Black "Sanchez Enriquez, Oscar Gerardo"]
[Result "0-1"]
[WhiteElo "2215"]
[BlackElo "2324"]
[PlyCount "106"]
[EventDate "2025.01.07"]
[EventType "swiss (blitz)"]
[EventRounds "11"]
[EventCountry "USA"]
[SourceTitle "CB03_2025"]
[SourceDate "2025.01.15"]
[SourceVersion "1"]
[SourceVersionDate "2025.01.15"]
[SourceQuality "1"]

1. d4 d6 2. Nf3 g6 3. c4 Bg7 4. Nc3 Nf6 5. e4 0-0 6. Be2 e5 7. 0-0 h6 8. h3 Nbd7 9. Be3 Re8 10. d5 a5 11. Qd2 Kh7 12. Ne1 Nc5 13. Bxc5 dxc5 14. Nd3 b6 15. Rad1 h5 16. f4 Bh6 17. Qe3 exf4 18. Nxf4 Qe7 19. Bd3 Nd7 20. Qf2 Ne5 21. Be2 Bd7 22. b3 Kg7 23. Kh1 Rf8 24. Qg3 Kh7 25. Ne6 Bxe6 26. Qxe5 Bg7 27. Qg3 Bc8 28. Rde1 Qe5 29. Qxe5 Bxe5 30. Nb5 Bd7 31. Bd3 a4 32. Bc2 axb3 33. Bxb3 Kg7 34. Re2 h4 35. Ref2 Rae8 36. Re2 Bg3 37. Bc2 Ra8 38. Bb3 Rfe8 39. Kg1 f5 40. e5 Bxe5 41. Rfe1 Bg3 42. Rxe8 Rxe8 43. Rxe8 Bxe8 44. Kf1 Kf6 45. Ke2 g5 46. Nc3 Ke5 47. Kd3 g4 48. Ne2 Bh2 49. Ke3 f4+ 50. Kf2 g3+ 51. Kf1 Bh5 52. Nc3 f3 53. gxf3 Bxf3 0-1

[Event "Titled Tuesday intern op 07th Jan Early"]
[Site "Chess.com INT"]
[Date "2025.01.07"]
[Round "9"]
[White "Sanchez Enriquez, Oscar Gerardo"]
[Black "Cordoba Roa, Angel Gabriel"]
[Result "1-0"]
[WhiteElo "2324"]
[BlackElo "2358"]
[PlyCount "69"]
[EventDate "2025.01.07"]
[EventType "swiss (blitz)"]
[EventRounds "11"]
[EventCountry "USA"]
[SourceTitle "CB03_2025"]
[SourceDate "2025.01.15"]
[SourceVersion "1"]
[SourceVersionDate "2025.01.15"]
[SourceQuality "1"]

1. e4 e5 2. Nf3 Nc6 3. Bb5 Bc5 4. c3 Nf6 5. d4 exd4 6. e5 Nd5 7. 0-0 Be7 8. cxd4 d6 9. Nc3 Nxc3 10. bxc3 a6 11. exd6 cxd6 12. Bd3 d5 13. h3 0-0 14. Re1 Be6 15. a4 Re8 16. Rb1 Na5 17. Ne5 Rc8 18. Qh5 h6 19. Bxh6 gxh6 20. Qxh6 Bg5 21. Bh7+ Kh8 22. Qh5 Qf6 23. Bf5+ Kg7 24. Qh7+ Kf8 25. Bxe6 Qxe6 26. Qh8+ Ke7 27. Qh5 Bd2 28. Nd3 Bxe1 29. Rxe1 Rxc3 30. Rxe6+ fxe6 31. Nc5 Kd8 32. Qf7 Re7 33. Nxe6+ Kd7 34. Nf8+ Kd6 35. Qf6+ 1-0

[Event "Titled Tuesday intern op 27th Aug Late"]
[Site "Chess.com INT"]
[Date "2024.08.27"]
[Round "1"]
[White "Sanchez Enriquez, Oscar Gerardo"]
[Black "Manteiga, Franco"]
[Result "1-0"]
[WhiteElo "2324"]
[BlackElo "2006"]
[PlyCount "77"]
[EventDate "2024.08.27"]
[EventType "swiss (blitz)"]
[EventRounds "11"]
[EventCountry "USA"]
[SourceTitle "EXT 2025"]
[Source "ChessBase"]
[SourceDate "2024.10.14"]
[SourceVersion "1"]
[SourceVersionDate "2024.10.14"]
[SourceQuality "1"]

1. e4 c5 2. Nf3 Nc6 3. Bb5 Nf6 4. Nc3 Qc7 5. h3 g6 6. 0-0 Bg7 7. Re1 a6 8. Bc4 Nd4 9. e5 Nh5 10. Nd5 Qd8 11. c3 Nc6 12. g4 b5 13. Bf1 e6 14. gxh5 exd5 15. d4 cxd4 16. Bg5 Qc7 17. h6 Bf8 18. cxd4 Be7 19. Qd2 0-0 20. Rac1 Qd8 21. Bxe7 Qxe7 22. Qf4 Nd8 23. h4 Ne6 24. Qg3 Kh8 25. Bh3 Bb7 26. Bxe6 dxe6 27. Qg5 Qxg5+ 28. hxg5 Rac8 29. b3 a5 30. Rc5 Rxc5 31. dxc5 Rc8 32. Rc1 d4 33. Nxd4 b4 34. c6 Ba6 35. Rc5 Rd8 36. c7 Rc8 37. Rxa5 Bb7 38. Rc5 Bd5 39. Nb5 1-0

[Event "Titled Tuesday intern op 05th Mar Late"]
[Site "Chess.com INT"]
[Date "2024.03.05"]
[Round "7"]
[White "Sanchez Enriquez, Oscar Gerardo"]
[Black "Argandona Riveiro, Inigo"]
[Result "0-1"]
[WhiteElo "2286"]
[BlackElo "2338"]
[PlyCount "110"]
[EventDate "2024.03.05"]
[EventType "swiss (blitz)"]
[EventRounds "11"]
[EventCountry "USA"]
[SourceTitle "EXT 2025"]
[Source "ChessBase"]
[SourceDate "2024.10.14"]
[SourceVersion "1"]
[SourceVersionDate "2024.10.14"]
[SourceQuality "1"]

1. e4 d6 2. d4 Nf6 3. Nc3 e5 4. Nge2 exd4 5. Nxd4 Be7 6. Bc4 0-0 7. Bb3 c6 8. 0-0 b5 9. a3 a5 10. Re1 Bb7 11. Nf5 b4 12. axb4 axb4 13. Rxa8 Bxa8 14. Na4 c5 15. Bg5 h6 16. Bh4 Re8 17. Qf3 Nbd7 18. Qg3 Nh5 19. Qg6 Ne5 20. Nxh6+ Kf8 21. Qxh5 Bxh4 22. Nxf7 Qf6 23. Rf1 Nxf7 24. Nb6 Bc6 25. Bd5 Re5 26. Qg4 Rxd5 27. exd5 Be8 28. g3 Ne5 29. Qe2 Nf3+ 30. Kg2 Nd4 31. Qe4 Bg5 32. c3 Nf5 33. Re1 Ne7 34. Qe6 Qxe6 35. Rxe6 bxc3 36. bxc3 Bd2 37. Rxd6 Bxc3 38. Rd8 Kf7 39. d6 Ba5 40. Rb8 Bxb6 41. Rxb6 Nd5 42. Rb7+ Ke6 43. Rb8 Bc6 44. Rc8 Kxd6 45. Rg8 Nf6+ 46. f3 Nxg8 47. g4 Kd5 48. Kg3 Kd4 49. h4 c4 50. h5 Kd3 51. Kh4 c3 52. f4 c2 53. f5 c1Q 54. h6 Qh1+ 55. Kg5 Qxh6# 0-1